[Event "Rodgers mem"]
[Site "Ottawa CAN"]
[Date "2003.09.11"]
[Round "1"]
[White "Veltmann, Alfred"]
[Black "Glew, Richard"]
[Result "1-0"]
[WhiteElo "1623"]
[BlackElo "1869"]
[PlyCount "87"]
[EventDate "2003.09.11"]
[EventType "swiss"]
[EventRounds "7"]
[EventCountry "CAN"]

1. e4 c5 2. Ne2 Nc6 3. d4 cxd4 4. Nxd4 Nf6 5. Nc3 d6 6. Bg5 e5 7. Nb3 Be7 8.
Qd2 h6 9. Be3 Be6 10. f3 d5 11. Nxd5 Nxd5 12. exd5 Qxd5 13. Qxd5 Bxd5 14. O-O-O
Be6 15. Rg1 O-O 16. Nc5 Bxc5 17. Bxc5 Rfd8 18. Bb5 Nd4 19. Bd3 Rac8 20. Ba3 a6
21. Rge1 f6 22. h3 b5 23. f4 Bd5 24. c3 Nc6 25. Bf5 Rb8 26. fxe5 fxe5 27. Rxd5
Rxd5 28. Be6+ Kh8 29. Bxd5 Na5 30. Bb3 Nc4 31. Bxc4 bxc4 32. Rxe5 Rd8 33. Kc2
Rd3 34. Re2 Rg3 35. Bd6 Rg5 36. h4 Rd5 37. Rd2 Ra5 38. a3 Rh5 39. g3 Rf5 40.
Bf4 g5 41. hxg5 hxg5 42. Bd6 g4 43. Bf4 Kg7 44. Rd4 1-0

[Event "Rodgers mem"]
[Site "Ottawa CAN"]
[Date "2003.09.18"]
[Round "2"]
[White "Hubley, Roger"]
[Black "Pacey, Kevin"]
[Result "0-1"]
[WhiteElo "2057"]
[BlackElo "2290"]
[PlyCount "58"]
[EventDate "2003.09.11"]
[EventType "swiss"]
[EventRounds "7"]
[EventCountry "CAN"]

1. e4 c5 2. Nc3 e6 3. Nf3 a6 4. d4 cxd4 5. Nxd4 Bc5 6. Be3 Qc7 7. Qh5 Bb4 8.
Bd2 Nf6 9. Qg5 O-O 10. Bd3 d6 11. O-O Nbd7 12. Kh1 Qc5 13. Nce2 Qxg5 14. Bxg5
e5 15. Nf5 d5 16. exd5 e4 17. Bc4 Nb6 18. Ne3 Nxc4 19. Nxc4 Nxd5 20. Ne3 Nxe3
21. Bxe3 Bg4 22. Nd4 Rac8 23. c3 Bd6 24. f3 exf3 25. Nxf3 Rfe8 26. Bd4 Re2 27.
Rf2 Rce8 28. Rxe2 Rxe2 29. Re1 Bxf3 0-1

[Event "Rodgers mem"]
[Site "Ottawa CAN"]
[Date "2003.09.18"]
[Round "2"]
[White "Predescu, Sebastian"]
[Black "Veltmann, Alfred"]
[Result "1-0"]
[WhiteElo "2239"]
[BlackElo "1623"]
[PlyCount "34"]
[EventDate "2003.09.11"]
[EventType "swiss"]
[EventRounds "7"]
[EventCountry "CAN"]

1. e4 e5 2. Nf3 Nc6 3. d4 exd4 4. Nxd4 Bc5 5. Be3 Qf6 6. c3 Nge7 7. Bc4 O-O 8.
O-O d6 9. Nc2 Bb6 10. Nba3 Be6 11. Qd2 Qg6 12. f3 Ne5 13. Be2 f5 14. Bxb6 axb6
15. Nb5 Rac8 16. Nxc7 Rxc7 17. Qxd6 Rd7 1-0

[Event "Rodgers mem"]
[Site "Ottawa CAN"]
[Date "2003.09.25"]
[Round "3"]
[White "Pacey, Kevin"]
[Black "Gelblum, Robert"]
[Result "0-1"]
[WhiteElo "2290"]
[BlackElo "2198"]
[PlyCount "82"]
[EventDate "2003.09.11"]
[EventType "swiss"]
[EventRounds "7"]
[EventCountry "CAN"]

1. d4 e6 2. e4 d5 3. Nc3 Nf6 4. Bg5 Bb4 5. exd5 Qxd5 6. Bxf6 Bxc3+ 7. bxc3 gxf6
8. Qg4 Qa5 9. Ne2 Nd7 10. Qg7 Rf8 11. Qxh7 c5 12. Qe4 f5 13. Qe3 Nf6 14. g3 Nd5
15. Qd2 cxd4 16. cxd4 Nb4 17. c3 Qd5 18. Rg1 Nc6 19. Nf4 Qa5 20. Qe3 Bd7 21. d5
Ne7 22. d6 Nc6 23. Bc4 O-O-O 24. Bb3 Kb8 25. O-O-O Qa3+ 26. Kb1 Na5 27. Qc1 Qc5
28. Qe3 Nxb3 29. axb3 Qa3 30. b4 Rc8 31. Qc1 Qb3+ 32. Qb2 Rxc3 33. Qxb3 Rxb3+
34. Ka1 Rxb4 35. h4 Bc6 36. Nd3 Rb5 37. f4 f6 38. Rge1 Bd5 39. Nc1 Rd8 40. Ne2
Rxd6 41. Nc3 Ra6+ 0-1

[Event "Rodgers mem"]
[Site "Ottawa CAN"]
[Date "2003.10.02"]
[Round "4"]
[White "Patterson, Roger"]
[Black "Pacey, Kevin"]
[Result "1-0"]
[WhiteElo "2209"]
[BlackElo "2290"]
[PlyCount "85"]
[EventDate "2003.09.11"]
[EventType "swiss"]
[EventRounds "7"]
[EventCountry "CAN"]

1. e4 c5 2. Nf3 d6 3. d4 cxd4 4. Nxd4 Nf6 5. Nc3 g6 6. Be3 Bg7 7. f3 O-O 8. Qd2
Nc6 9. O-O-O Be6 10. Nxe6 fxe6 11. Kb1 Qc7 12. Bh6 Bxh6 13. Qxh6 Ne5 14. Qh3
Qc8 15. f4 Nf7 16. Be2 a6 17. g4 b5 18. Bf3 e5 19. f5 b4 20. Nd5 Nxd5 21. Rxd5
a5 22. Qg2 a4 23. Rd3 Qa6 24. Be2 Qc6 25. Rc1 Ra7 26. c4 b3 27. a3 e6 28. h4
Re8 29. fxg6 hxg6 30. g5 Nh8 31. h5 gxh5 32. Bxh5 Rf8 33. c5 dxc5 34. Rdc3 Rh7
35. Rxc5 Qd6 36. g6 Rxh5 37. g7 Rd8 38. gxh8=Q+ Kxh8 39. R5c3 Rg8 40. Qf3 Rh6
41. Rc7 Rf8 42. Qg2 Rg8 43. Rc8 1-0

[Event "Rodgers mem"]
[Site "Ottawa CAN"]
[Date "2003.10.09"]
[Round "5"]
[White "Pacey, Kevin"]
[Black "Veltmann, Alfred"]
[Result "1-0"]
[WhiteElo "2290"]
[BlackElo "1623"]
[PlyCount "59"]
[EventDate "2003.09.11"]
[EventType "swiss"]
[EventRounds "7"]
[EventCountry "CAN"]

1. e4 e5 2. Nf3 Nc6 3. Bc4 Bc5 4. b4 Bxb4 5. c3 Be7 6. Qb3 Na5 7. Bxf7+ Kf8 8.
Qa4 Nc6 9. Bc4 d6 10. d3 Bf6 11. Nbd2 Nge7 12. Nf1 Bg4 13. N3d2 Qc8 14. Ne3 Be6
15. O-O a6 16. Bxe6 Qxe6 17. Bb2 g6 18. f4 exf4 19. Rxf4 Kg7 20. Rxf6 Kxf6 21.
c4+ Ne5 22. d4 Rhf8 23. Nd5+ Nxd5 24. cxd5 Qc8 25. dxe5+ dxe5 26. Rf1+ Kg7 27.
Bxe5+ Kg8 28. Qc4 Rxf1+ 29. Nxf1 Kf8 30. Bxc7 1-0

[Event "Rodgers mem"]
[Site "Ottawa CAN"]
[Date "2003.10.16"]
[Round "6"]
[White "Schofield, Mike"]
[Black "Pacey, Kevin"]
[Result "0-1"]
[WhiteElo "1936"]
[BlackElo "2290"]
[PlyCount "62"]
[EventDate "2003.09.11"]
[EventType "swiss"]
[EventRounds "7"]
[EventCountry "CAN"]

1. e4 e5 2. f4 exf4 3. Nf3 g5 4. h4 g4 5. Ne5 Nc6 6. d4 Nxe5 7. dxe5 f3 8. Be3
Be7 9. Bf2 d6 10. gxf3 dxe5 11. Nd2 Nf6 12. Qe2 gxf3 13. Qb5+ c6 14. Qxe5 Rg8
15. O-O-O Ng4 16. Qd4 Qxd4 17. Bxd4 c5 18. Bb5+ Kf8 19. Nxf3 cxd4 20. Rxd4 Be6
21. Ng5 Bxg5+ 22. hxg5 Rxg5 23. e5 Rxe5 24. Bd3 h5 25. Rf1 Ke7 26. Be4 Rb8 27.
Bd3 h4 28. Rdf4 h3 29. Be4 h2 30. Bf3 f5 31. Rh1 Bd5 0-1

[Event "Rodgers mem"]
[Site "Ottawa CAN"]
[Date "2003.10.16"]
[Round "6"]
[White "Yuan, Yuanling"]
[Black "Veltmann, Alfred"]
[Result "1-0"]
[WhiteElo "1656"]
[BlackElo "1623"]
[PlyCount "76"]
[EventDate "2003.09.11"]
[EventType "swiss"]
[EventRounds "7"]
[EventCountry "CAN"]

1. e4 e5 2. Nc3 Nc6 3. f4 Bb4 4. Nf3 d6 5. Bc4 Nf6 6. O-O O-O 7. d3 Bc5+ 8. Kh1
Bg4 9. Qe1 Bxf3 10. Rxf3 Nd4 11. Rh3 Qd7 12. Nd5 Nxd5 13. Bxd5 c6 14. Qh4 h6
15. fxe5 cxd5 16. Bxh6 Qxh3 17. gxh3 gxh6 18. Qxh6 Ne6 19. exd5 Ng7 20. c3 dxe5
21. d4 Bxd4 22. cxd4 f6 23. Rg1 Rf7 24. Rg4 Rd7 25. dxe5 fxe5 26. Qe6+ Rf7 27.
Qxe5 Rd8 28. h4 a6 29. h5 Kh7 30. h6 Nf5 31. Qe6 Rdf8 32. Qg6+ Kh8 33. d6 Rf6
34. Qg5 Rxd6 35. Qc1 Rdf6 36. Qf4 Re6 37. Qg5 Re7 38. Re4 Ref7 1-0

[Event "Rodgers mem"]
[Site "Ottawa CAN"]
[Date "2003.10.23"]
[Round "7"]
[White "Van Dusen, Eric"]
[Black "Pacey, Kevin"]
[Result "0-1"]
[WhiteElo "1906"]
[BlackElo "2290"]
[PlyCount "120"]
[EventDate "2003.09.11"]
[EventType "swiss"]
[EventRounds "7"]
[EventCountry "CAN"]

1. d4 e6 2. c4 d5 3. Nc3 Be7 4. Nf3 Nf6 5. Bg5 O-O 6. e3 Nbd7 7. cxd5 Nxd5 8.
Bxe7 Qxe7 9. Bd3 Nxc3 10. bxc3 Nf6 11. O-O b6 12. Qc2 Bb7 13. Ne5 c5 14. a4
Rfc8 15. Qe2 Ne4 16. Qc2 Qh4 17. g3 Ng5 18. f3 Qh5 19. Qg2 f6 20. g4 Qh3 21.
Qxh3 Nxh3+ 22. Kg2 fxe5 23. Kxh3 cxd4 24. cxd4 Rc3 25. Rad1 exd4 26. exd4 Ra3
27. Bc4 Bxf3 28. Rd3 Rxd3 29. Bxd3 Bc6 30. a5 Rd8 31. Bc4 Bd5 32. Bxd5 Rxd5 33.
axb6 axb6 34. Rb1 b5 35. Kg3 Kf7 36. Kf3 h5 37. h3 Kf6 38. Rb4 Kg5 39. Kg3 h4+
40. Kf3 e5 41. dxe5 Rxe5 42. Rb2 Kf6 43. Rb3 Ke6 44. Rd3 Rd5 45. Rb3 Kd6 46.
Ke4 Kc6 47. Ra3 Rd7 48. Kf5 b4 49. Rb3 Kc5 50. Kg5 Kc4 51. Rb1 Rd6 52. Kxh4
Rh6+ 53. Kg3 b3 54. g5 Rh8 55. Kg4 Kc3 56. Rh1 b2 57. Kf5 Kc2 58. Rh2+ Kb3 59.
Kg6 b1=Q+ 60. Kxg7 Rh7+ 0-1

[Event "Roland Gaudet mem"]
[Site "Hull CAN"]
[Date "2003.01.07"]
[Round "1"]
[White "Groleau, Gilles"]
[Black "Laurin, Marcel"]
[Result "1-0"]
[WhiteElo "2103"]
[BlackElo "1716"]
[PlyCount "85"]
[EventDate "2003.01.07"]
[EventType "swiss"]
[EventRounds "5"]
[EventCountry "CAN"]

1. e4 c5 2. Nf3 Nc6 3. Bb5 g6 4. O-O Bg7 5. c3 d6 6. d4 Bd7 7. Re1 a6 8. Bf1
Bg4 9. d5 Ne5 10. Nbd2 h5 11. h3 e6 12. Be2 exd5 13. exd5 f5 14. Nxe5 dxe5 15.
Nf3 Bxf3 16. Bxf3 Qd6 17. Bg5 Kf7 18. Qd2 Re8 19. g3 Nf6 20. Rad1 Nd7 21. Bg2
b5 22. b4 c4 23. Bf1 Nb6 24. Be3 Na4 25. Rc1 Rd8 26. Red1 Rd7 27. Qc2 Bh6 28.
Bxh6 Rxh6 29. Bxc4 bxc4 30. Qxa4 f4 31. Qc6 fxg3 32. fxg3 g5 33. Qxc4 e4 34.
Qxe4 Qxg3+ 35. Qg2 Qe3+ 36. Qf2+ Qxf2+ 37. Kxf2 Rf6+ 38. Kg2 Kg6 39. c4 g4 40.
hxg4 hxg4 41. Rf1 Rb6 42. a3 Re7 43. Rce1 1-0

[Event "Roland Gaudet mem"]
[Site "Hull CAN"]
[Date "2003.01.07"]
[Round "1"]
[White "Lacourse, Guy"]
[Black "Marghetis, Aris"]
[Result "1-0"]
[WhiteElo "1580"]
[BlackElo "1764"]
[PlyCount "149"]
[EventDate "2003.01.07"]
[EventType "swiss"]
[EventRounds "5"]
[EventCountry "CAN"]

1. d4 Nf6 2. Nf3 d6 3. c4 g6 4. Nc3 Bg7 5. g3 O-O 6. Bg2 Nbd7 7. O-O e5 8. e4
exd4 9. Nxd4 Ne5 10. b3 Bd7 11. f3 Qc8 12. Be3 Bh3 13. Nf5 Bxf5 14. exf5 Qxf5
15. Rc1 a6 16. Nd5 Nxd5 17. cxd5 Rac8 18. g4 Qd3 19. Qxd3 Nxd3 20. Rcd1 Nb4 21.
a3 Nc2 22. Bc1 Rfe8 23. Rd3 Ne1 24. Rd1 Nxg2 25. Kxg2 Re2+ 26. Rf2 Rce8 27. Kf1
Rxf2+ 28. Kxf2 Kf8 29. Bg5 Bb2 30. Bh6+ Ke7 31. Re1+ Kd7 32. Rxe8 Kxe8 33. a4
Bd4+ 34. Ke2 Kd7 35. Kd3 Bg1 36. h3 f5 37. Bd2 b5 38. axb5 axb5 39. g5 c6 40.
dxc6+ Kxc6 41. f4 Kd5 42. b4 Bh2 43. Be3 Bg3 44. Bd2 Bf2 45. Ke2 Bg1 46. Kd3
Bd4 47. Be1 Bg7 48. Bf2 h6 49. Bh4 hxg5 50. Bxg5 Bb2 51. Bh4 Ke6 52. Bf2 Ba3
53. Be1 Bc1 54. Bd2 Bb2 55. Bc3 Ba3 56. Bd2 d5 57. Kc3 d4+ 58. Kb3 Bxb4 59.
Kxb4 Kd5 60. Kxb5 d3 61. Kb4 Kd4 62. Kb3 Ke4 63. Kc3 Kf3 64. Kxd3 Kg3 65. Ke2
Kxh3 66. Kf3 Kh4 67. Ke2 Kg4 68. Kd3 Kf3 69. Kd4 Ke2 70. Bc1 Kd1 71. Ba3 Ke2
72. Be7 g5 73. fxg5 f4 74. g6 f3 75. Bh4 1-0

[Event "Roland Gaudet mem"]
[Site "Hull CAN"]
[Date "2003.01.07"]
[Round "1"]
[White "Scantland, Patrick"]
[Black "Brousseau, Yvan"]
[Result "0-1"]
[WhiteElo "1676"]
[BlackElo "2023"]
[PlyCount "75"]
[EventDate "2003.01.07"]
[EventType "swiss"]
[EventRounds "5"]
[EventCountry "CAN"]

1. e4 e6 2. d4 d5 3. e5 c5 4. c3 Nc6 5. f4 Qb6 6. Nf3 Nh6 7. Qb3 Qxb3 8. axb3
cxd4 9. Bb5 dxc3 10. bxc3 Bd7 11. Bxc6 Bxc6 12. Be3 a6 13. O-O Nf5 14. Bb6 Bb5
15. Rc1 Rc8 16. g4 Ne7 17. Nd4 Bd3 18. Nd2 Ng6 19. Kf2 Nxf4 20. Ke3 g5 21. N2f3
h6 22. h4 Be4 23. Ra2 Be7 24. Rh2 Kd7 25. h5 Ba3 26. Rcc2 Bxc2 27. Rxc2 Bc5 28.
Bxc5 Rxc5 29. b4 Rc7 30. Nb3 b6 31. Nfd4 Rhc8 32. Kd2 Rc4 33. Nc1 a5 34. Na2
Ng2 35. Rc1 axb4 36. Nxb4 Rxd4+ 37. cxd4 Rxc1 38. Kxc1 0-1

[Event "Roland Gaudet mem"]
[Site "Hull CAN"]
[Date "2003.01.14"]
[Round "2"]
[White "Brousseau, Yvan"]
[Black "Lacourse, Guy"]
[Result "1-0"]
[WhiteElo "1934"]
[BlackElo "1580"]
[PlyCount "103"]
[EventDate "2003.01.07"]
[EventType "swiss"]
[EventRounds "5"]
[EventCountry "CAN"]

1. Nf3 c5 2. g3 g6 3. Bg2 Bg7 4. O-O Nc6 5. c3 e5 6. e4 Nge7 7. d3 O-O 8. Be3
d6 9. d4 cxd4 10. cxd4 d5 11. Nxe5 Nxe5 12. dxe5 Bxe5 13. Bd4 Bxd4 14. Qxd4
dxe4 15. Qxe4 Nf5 16. Nc3 Re8 17. Rad1 Qe7 18. Qxe7 Nxe7 19. Rfe1 Be6 20. Nb5
Red8 21. Nc7 Bg4 22. Nxa8 Rxd1 23. Rxd1 Bxd1 24. Bxb7 Ba4 25. Nc7 Bc6 26. Ba6
Nd5 27. Nxd5 Bxd5 28. a4 Kf8 29. Kf1 Bb3 30. a5 Ke7 31. Ke2 f6 32. Kd3 Kd6 33.
Kd4 h6 34. Bd3 g5 35. Kc3 Be6 36. Kb4 Bd7 37. Bb5 Bg4 38. Bd3 Bd7 39. Kc4 Be6+
40. Kb5 Kc7 41. Kc5 Bb3 42. Be4 Kd7 43. Bd5 Bd1 44. b4 Be2 45. b5 Kc7 46. Be4
Bh5 47. f4 gxf4 48. gxf4 Be2 49. f5 Bf1 50. b6+ axb6+ 51. axb6+ Kd7 52. Bc6+
1-0

[Event "Roland Gaudet mem"]
[Site "Hull CAN"]
[Date "2003.01.21"]
[Round "3"]
[White "Dallaire, Dominic"]
[Black "Laurin, Marcel"]
[Result "0-1"]
[WhiteElo "1710"]
[BlackElo "1716"]
[PlyCount "64"]
[EventDate "2003.01.07"]
[EventType "swiss"]
[EventRounds "5"]
[EventCountry "CAN"]

1. e4 c5 2. c3 g6 3. d4 cxd4 4. cxd4 Bg7 5. Be3 e6 6. Nc3 Ne7 7. Nf3 O-O 8. Qd2
a6 9. Bh6 b5 10. Bxg7 Kxg7 11. Ne5 Bb7 12. f3 f5 13. a3 d6 14. Nd3 Nbc6 15. Nf4
Qd7 16. d5 exd5 17. exd5 Nd8 18. b4 h5 19. Be2 Re8 20. O-O Ng8 21. Rfe1 Kh7 22.
Bd3 Nf7 23. Re6 Ne5 24. Rxg6 Nxg6 25. Nxg6 Nh6 26. Nf4 Re5 27. Nxh5 Qe7 28. g3
Rg8 29. Kf2 Bxd5 30. f4 Ng4+ 31. Kg1 Qa7+ 32. Kf1 Ne3+ 0-1

[Event "Roland Gaudet mem"]
[Site "Hull CAN"]
[Date "2003.01.21"]
[Round "3"]
[White "Groleau, Gilles"]
[Black "Libersan, Mattieu"]
[Result "1/2-1/2"]
[WhiteElo "2103"]
[BlackElo "1789"]
[PlyCount "118"]
[EventDate "2003.01.07"]
[EventType "swiss"]
[EventRounds "5"]
[EventCountry "CAN"]

1. e4 c5 2. Nf3 d6 3. Bb5+ Bd7 4. Bxd7+ Qxd7 5. c4 Nc6 6. d3 g6 7. O-O Bg7 8.
Nc3 Nf6 9. h3 O-O 10. Be3 e6 11. Qd2 Rfe8 12. d4 cxd4 13. Nxd4 Nxd4 14. Bxd4
Qc6 15. Qd3 Rac8 16. b3 a6 17. Rad1 Red8 18. Rfe1 e5 19. Be3 b5 20. Nd5 Nxd5
21. cxd5 Qc2 22. Re2 Qxd3 23. Rxd3 Rd7 24. Rd1 Rdc7 25. Ree1 Bf6 26. Rc1 Kf8
27. Rxc7 Rxc7 28. Rc1 Rxc1+ 29. Bxc1 Bd8 30. Be3 Ke7 31. Kf1 Ba5 32. Ke2 Bb4
33. f4 f6 34. g4 Bc5 35. fxe5 fxe5 36. Bg5+ Kf7 37. Kd3 Kg7 38. Bd8 Kf7 39. Ke2
Ke8 40. Ba5 Kf7 41. Kf3 Ke7 42. Bd2 Kd7 43. Kg3 Ke7 44. Bg5+ Kf7 45. Bc1 Kf6
46. h4 h5 47. Bg5+ Kf7 48. Bd8 Ke8 49. Ba5 Kd7 50. Kf3 Ke7 51. gxh5 gxh5 52.
Bd2 Kd7 53. Bg5 Ke8 54. Ke2 Kd7 55. Kd3 Kc7 56. Kc3 Kd7 57. a4 Kc7 58. axb5
axb5 59. Kd3 Kd7 1/2-1/2

[Event "Roland Gaudet mem"]
[Site "Hull CAN"]
[Date "2003.01.21"]
[Round "3"]
[White "Pepin, Christian"]
[Black "Brousseau, Yvan"]
[Result "1-0"]
[WhiteElo "1996"]
[BlackElo "2023"]
[PlyCount "92"]
[EventDate "2003.01.07"]
[EventType "swiss"]
[EventRounds "5"]
[EventCountry "CAN"]

1. e4 e6 2. d4 d5 3. exd5 exd5 4. Bd3 Nc6 5. c3 Nf6 6. Bg5 h6 7. Bh4 Bd6 8. Ne2
Qe7 9. Nd2 Be6 10. Qc2 g5 11. Bg3 O-O-O 12. O-O-O Ng4 13. Rdf1 h5 14. Bxd6 Qxd6
15. h3 Nh6 16. f4 f6 17. Nb3 b6 18. Rf2 g4 19. h4 Ne7 20. Ng3 Bf7 21. Qd2 c5
22. Ba6+ Kb8 23. dxc5 bxc5 24. Qe3 Nhf5 25. Nxf5 Nxf5 26. Qd3 Bg6 27. Qb5+ Qb6
28. Nxc5 Qxb5 29. Bxb5 Ng3 30. Rd1 Nf5 31. Nd7+ Kc7 32. Rxd5 Nd6 33. Rc5+ Kb7
34. Ba6+ Kxa6 35. Rc6+ Kb7 36. Rxd6 Rhe8 37. Rxf6 Re1+ 38. Kd2 Rb1 39. f5 Rxb2+
40. Ke3 Re8+ 41. Re6 Rxe6+ 42. fxe6 Rxf2 43. Kxf2 Kc7 44. Ke3 Kd6 45. Kd4 Kxe6
46. Nf8+ Kf6 1-0

[Event "Roland Gaudet mem"]
[Site "Hull CAN"]
[Date "2003.01.28"]
[Round "4"]
[White "Brousseau, Yvan"]
[Black "Groleau, Gilles"]
[Result "1/2-1/2"]
[WhiteElo "2023"]
[BlackElo "2103"]
[PlyCount "67"]
[EventDate "2003.01.07"]
[EventType "swiss"]
[EventRounds "5"]
[EventCountry "CAN"]

1. d4 Nf6 2. c4 e6 3. Nf3 b6 4. g3 Bb7 5. Bg2 Be7 6. O-O O-O 7. Nc3 Ne4 8. d5
Nxc3 9. bxc3 d6 10. Nd4 e5 11. Nf5 Nd7 12. e4 Kh8 13. Nxe7 Qxe7 14. Be3 a5 15.
Qh5 Ba6 16. Qe2 Nc5 17. f4 f6 18. f5 Qd7 19. Bxc5 bxc5 20. Rfb1 Qa4 21. Bf1
Rfb8 22. Kf2 Rb6 23. Rxb6 cxb6 24. Qd1 Qxd1 25. Rxd1 Rb8 26. Rb1 Kg8 27. Ke3
Kf8 28. Be2 Ke7 29. g4 h6 30. h4 Kf7 31. a4 Bc8 32. Rg1 Bd7 33. Bd1 g5 34. h5
1/2-1/2

[Event "Roland Gaudet mem"]
[Site "Hull CAN"]
[Date "2003.01.28"]
[Round "4"]
[White "Dessmark, Andres"]
[Black "Lacourse, Guy"]
[Result "1/2-1/2"]
[WhiteElo "1917"]
[BlackElo "1580"]
[PlyCount "93"]
[EventDate "2003.01.07"]
[EventType "swiss"]
[EventRounds "5"]
[EventCountry "CAN"]

1. d4 Nf6 2. c4 e6 3. Nc3 d5 4. cxd5 exd5 5. Bg5 Be7 6. Qc2 c6 7. e3 Nbd7 8.
Bd3 h6 9. Bh4 Nh5 10. Bxe7 Qxe7 11. Nge2 O-O 12. O-O Nb6 13. Na4 Nxa4 14. Qxa4
Bg4 15. b4 a6 16. Qb3 Bxe2 17. Bxe2 Nf4 18. Bf3 Ne6 19. a4 f5 20. b5 axb5 21.
axb5 f4 22. bxc6 Rxa1 23. Rxa1 bxc6 24. Rc1 Kh8 25. Qc3 Ng5 26. Bg4 Ne4 27. Qc2
fxe3 28. f3 Nd2 29. Qxc6 e2 30. Kf2 Nc4 31. Qe6 Qg5 32. Re1 Qd2 33. Rxe2 Qxd4+
34. Kg3 Qf4+ 35. Kh3 Rd8 36. Bf5 Qd6 37. Qe8+ Qf8 38. Qg6 Qg8 39. Re6 d4 40.
Qh5 Qf8 41. Qg6 Qg8 42. g4 Ne3 43. Be4 Nd1 44. Kg3 Nc3 45. Bd3 Na4 46. Rc6 Nb2
47. Bf5 1/2-1/2

[Event "Roland Gaudet mem"]
[Site "Hull CAN"]
[Date "2003.02.04"]
[Round "5"]
[White "Lacourse, Guy"]
[Black "Rose, Richard"]
[Result "1/2-1/2"]
[WhiteElo "1580"]
[BlackElo "1814"]
[PlyCount "77"]
[EventDate "2003.01.07"]
[EventType "swiss"]
[EventRounds "5"]
[EventCountry "CAN"]

1. Nf3 c5 2. c4 Nc6 3. g3 g6 4. Bg2 Bg7 5. O-O Nf6 6. Nc3 O-O 7. d3 d6 8. h3
Bd7 9. Kh2 e5 10. e3 Ne7 11. Nd5 Nfxd5 12. cxd5 f5 13. e4 h6 14. a4 Kh7 15. Bd2
a6 16. a5 Bb5 17. Ne1 fxe4 18. Bxe4 Bd7 19. Nf3 Nf5 20. h4 Bc8 21. Kg2 Qf6 22.
Rb1 Nd4 23. Ng5+ Kg8 24. Nh3 Nf3 25. Bxf3 Qxf3+ 26. Qxf3 Bxh3+ 27. Kxh3 Rxf3
28. Be3 Raf8 29. b4 cxb4 30. Kg2 e4 31. Rxb4 exd3 32. Rxb7 R3f5 33. Rb6 Rxd5
34. Rxa6 Bc3 35. Bxh6 Re8 36. Be3 Bxa5 37. Rd1 Bb4 38. Ra4 Bc5 39. Bxc5 1/2-1/2

[Event "Roland Gaudet mem"]
[Site "Hull CAN"]
[Date "2003.02.04"]
[Round "5"]
[White "Laurin, Jacques"]
[Black "Groleau, Gilles"]
[Result "0-1"]
[WhiteElo "1889"]
[BlackElo "2103"]
[PlyCount "42"]
[EventDate "2003.01.07"]
[EventType "swiss"]
[EventRounds "5"]
[EventCountry "CAN"]

1. c4 Nf6 2. g3 c5 3. Bg2 e6 4. Nc3 Be7 5. d3 O-O 6. e4 d6 7. f4 Nc6 8. Nf3 a6
9. O-O Qc7 10. Be3 b6 11. d4 cxd4 12. Nxd4 Bb7 13. Nf3 Ng4 14. Bd2 Na5 15. Bh3
Nf6 16. b3 Nxe4 17. Nxe4 Bxe4 18. Bxa5 bxa5 19. Qe2 Qc5+ 20. Rf2 Bxf3 21. Qxf3
Bf6 0-1

[Event "Roland Gaudet mem"]
[Site "Hull CAN"]
[Date "2003.02.04"]
[Round "5"]
[White "Libersan, Mattieu"]
[Black "Pepin, Christian"]
[Result "1-0"]
[WhiteElo "1789"]
[BlackElo "1996"]
[PlyCount "61"]
[EventDate "2003.01.07"]
[EventType "swiss"]
[EventRounds "5"]
[EventCountry "CAN"]

1. e4 e6 2. d4 d5 3. Nc3 Nf6 4. Bg5 dxe4 5. Nxe4 Be7 6. Bxf6 Bxf6 7. Nf3 Nd7 8.
Bd3 c5 9. Nd6+ Ke7 10. Ne4 cxd4 11. O-O b6 12. Qe2 Nc5 13. Bc4 Bb7 14. Ng3 Qc7
15. Nf5+ Kf8 16. N5xd4 Rc8 17. Nb5 Qf4 18. Rfe1 Bxf3 19. gxf3 Nd7 20. Bb3 Be5
21. Qe4 Qxh2+ 22. Kf1 Qh3+ 23. Ke2 a6 24. Rad1 Nc5 25. Qxe5 axb5 26. Qd6+ Ke8
27. Qxb6 Qf5 28. Qd6 Qf6 29. Kf1 Qxf3 30. Bd5 Qf5 31. Bc6+ 1-0

[Event "Santa Claus inv."]
[Site "Ottawa CAN"]
[Date "2003.12.26"]
[Round "1"]
[White "Pacey, Kevin"]
[Black "Gelblum, Robert"]
[Result "1/2-1/2"]
[WhiteElo "2273"]
[BlackElo "2171"]
[PlyCount "53"]
[EventDate "2003.12.26"]
[EventType "tourn"]
[EventRounds "5"]
[EventCountry "CAN"]

1. e4 c5 2. Nf3 d6 3. d4 cxd4 4. Nxd4 Nf6 5. Nc3 a6 6. Rg1 Nc6 7. Bc4 Qb6 8.
Nxc6 bxc6 9. g4 h6 10. h4 h5 11. gxh5 Rxh5 12. Bg5 Rh8 13. Qf3 Rb8 14. Bb3 Qd4
15. Rd1 Qe5 16. Kd2 g6 17. Kc1 Bg7 18. Qd3 Rb4 19. f4 Qa5 20. a3 Rxb3 21. cxb3
Ng4 22. Bxe7 Nf2 23. Qxd6 Bxc3 24. Qxc6+ Kxe7 25. Qd6+ Ke8 26. Qc6+ Ke7 27.
Qd6+ 1/2-1/2

[Event "Santa Claus inv."]
[Site "Ottawa CAN"]
[Date "2003.12.27"]
[Round "3"]
[White "Pacey, Kevin"]
[Black "Patterson, Roger"]
[Result "1/2-1/2"]
[WhiteElo "2273"]
[BlackElo "2221"]
[PlyCount "61"]
[EventDate "2003.12.26"]
[EventType "tourn"]
[EventRounds "5"]
[EventCountry "CAN"]

1. d4 Nf6 2. c4 e6 3. Nc3 Bb4 4. e3 O-O 5. Bd3 d5 6. Nf3 c5 7. O-O cxd4 8. exd4
dxc4 9. Bxc4 b6 10. Bg5 Bb7 11. Qe2 Bxc3 12. bxc3 Nbd7 13. Ne5 Qc7 14. Nxd7
Nxd7 15. Rac1 h6 16. Bd2 a6 17. Bd3 b5 18. c4 bxc4 19. Rxc4 Qd6 20. Rb1 Rfb8
21. Be3 Bd5 22. Rcc1 Rxb1 23. Bxb1 Nf6 24. Bd3 Bb7 25. Rc5 Rc8 26. Rxc8+ Bxc8
27. Qc2 Bb7 28. Qc5 Ne8 29. Bc1 Qd5 30. Qxd5 Bxd5 31. Bxa6 1/2-1/2

[Event "Santa Claus inv."]
[Site "Ottawa CAN"]
[Date "2003.12.28"]
[Round "4"]
[White "Nezirovic, Ozren"]
[Black "Pacey, Kevin"]
[Result "0-1"]
[WhiteElo "2128"]
[BlackElo "2273"]
[PlyCount "114"]
[EventDate "2003.12.26"]
[EventType "tourn"]
[EventRounds "5"]
[EventCountry "CAN"]

1. e4 e6 2. d4 d5 3. Nc3 Bb4 4. e5 Ne7 5. a3 Bxc3+ 6. bxc3 c5 7. Qg4 Qc7 8.
Qxg7 Rg8 9. Qxh7 cxd4 10. Ne2 dxc3 11. f4 b6 12. Qd3 Ba6 13. Qxc3 Qb7 14. Nd4
Nd7 15. g3 Rc8 16. Bxa6 Qxa6 17. Qd3 Qa4 18. Be3 Rc4 19. O-O Nc5 20. Qd1 Ne4
21. Rf3 Nc3 22. Qd3 Rxd4 23. Qxc3 Rc4 24. Qb3 Qc6 25. Bd2 Nf5 26. Rc3 Nd4 27.
Rxc4 dxc4 28. Qb4 a5 29. Qd6 Qxd6 30. exd6 Nf3+ 31. Kf2 Nxd2 32. Ke3 c3 33. Kd3
Kd7 34. Kxc3 Ne4+ 35. Kd4 Nxd6 36. Ke5 Ke7 37. Kd4 Rh8 38. Rb1 Rxh2 39. Rxb6
Rxc2 40. Ra6 Rc4+ 41. Kd3 Rc5 42. g4 Rd5+ 43. Kc3 Ne4+ 44. Kc4 Nf2 45. Ra7+ Kf8
46. f5 Nxg4 47. fxe6 fxe6 48. a4 Ne5+ 49. Kc3 Nd7 50. Kc4 Ke7 51. Kb3 Rc5 52.
Rb7 e5 53. Rb5 Rxb5+ 54. axb5 Nb6 55. Kc3 Kd6 56. Kd3 a4 57. Kc3 Kc5 0-1

[Event "Santa Claus inv."]
[Site "Ottawa CAN"]
[Date "2003.12.28"]
[Round "5"]
[White "Pacey, Kevin"]
[Black "Bertrand, Daryl"]
[Result "1-0"]
[WhiteElo "2273"]
[BlackElo "1917"]
[PlyCount "59"]
[EventDate "2003.12.26"]
[EventType "tourn"]
[EventRounds "5"]
[EventCountry "CAN"]

1. e4 e5 2. Nf3 Nc6 3. Bc4 Nf6 4. d3 Bc5 5. Nc3 h6 6. h3 d6 7. Na4 a6 8. Nxc5
dxc5 9. a4 Qe7 10. Be3 Nd4 11. Nxd4 cxd4 12. Bd2 c5 13. f4 Be6 14. Bxe6 Qxe6
15. O-O O-O-O 16. Qe2 Rhe8 17. fxe5 Qxe5 18. Qf3 Qe6 19. Qf5 c4 20. Bxh6 Qxf5
21. Rxf5 Nxe4 22. Bxg7 cxd3 23. cxd3 Rg8 24. Rc1+ Kd7 25. Rxf7+ Ke6 26. Rxb7
Nd6 27. Ra7 Rb8 28. Bxd4 Rb4 29. Bc3 Rxa4 30. Rg7 1-0

[Event "Saskatchewan op"]
[Site "Regina CAN"]
[Date "2003.05.04"]
[Round "5"]
[White "Gluckie, Jamin"]
[Black "Balbutin, Nelson"]
[Result "0-1"]
[WhiteElo "1360"]
[BlackElo "1968"]
[PlyCount "48"]
[EventDate "2003.05.03"]
[EventType "swiss"]
[EventRounds "5"]
[EventCountry "CAN"]
[SourceDate "2003.08.17"]

1. d4 Nf6 2. Nf3 d5 3. c4 e6 4. Nc3 Be7 5. Bf4 O-O 6. e3 c5 7. dxc5 Qa5 8. Bd3
dxc4 9. Bxc4 Qxc5 10. Qb3 Nc6 11. Qb5 a6 12. Qxc5 Bxc5 13. O-O b5 14. Be2 Bb7
15. Rac1 Bb6 16. Rc2 Rad8 17. Rfc1 Nb4 18. Rd2 Bxf3 19. Rxd8 Rxd8 20. Bxf3 Nd3
21. Rc2 Ba5 22. a3 Ne1 23. Re2 Bxc3 24. bxc3 Rd1 0-1